Ganadores del Golden Boy - Estadísticas

Estadísticas generales
  • Esta prueba ha sido intentada 166 veces
  • La puntuación promedio es 11 de 22
Estadísticas de respuestas
Hint Respuesta % Correcto
2024 Lamine Yamal
99%
2005 Lionel Messi
92%
2021 Pedri
90%
2022 Gavi
88%
2023 Jude Bellingham
82%
2017 Kylian Mbappé
71%
2020 Erling Haaland
60%
2012 Isco Alarcón
54%
2013 Paul Pogba
47%
2019 João Félix
45%
2007 Kun Agüero
42%
2004 Wayne Rooney
41%
2018 Matthijs de Ligt
39%
2015 Anthony Martial
37%
2016 Renato Sanches
37%
2010 Mario Balotelli
33%
2009 Alexandre Pato
30%
2006 Cesc Fábregas
29%
2011 Mario Götze
29%
2003 Rafael Van der Vaart
29%
2008 Anderson Oliveira
27%
2014 Raheem Sterling
27%
No se encontraron pruebas coincidentes
Distribución de puntuación
Porcentaje de gente con cada puntuación
Porcentaje por número respondido
Historial de tus puntuaciones
No has intentado esta prueba.